000 01142nam a2200277Ia 4500
003 OSt
005 20221005104243.0
006 a|||||r|||| 00| 0
007 ta
008 221004b |||||||| |||| 00| 0 hin d
020 _a9788123018034 (pbk)
_cINR 105.00
024 _a42428
037 _b321, 11/03/2019, Eastern Book Linkers
_cTextual
040 _aCRL
_cCRL
_bhin
041 _2hin
_ahin
082 _aO152,1N00x, Q2
100 _aश्रीचन्द्र, ले.
245 0 _aआरसी प्रसाद सिंह
_b व्यक्तित्व और कृतित्व
246 _aĀrasī prasād sianha: vyaktitva aur kṛutitva
260 _aदिल्ली
_bप्रकाशन विभाग सूचना और प्रसारण मंत्रालय भारत
_c2012
300 _a264पृ0
_ccm.
650 _a हिन्दी साहित्य
650 _aहिन्दी कहानी
942 _hO152,1N00x, Q2
_cTEXL
_2cc
999 _c1012164
_d1012164